Tailoring polymer molecular structure in the EPDM slurry process (Record no. 70200)

MARC details
000 -LEADER
fixed length control field 00423nam a2200145Ia 4500
100 ## - MAIN ENTRY--AUTHOR NAME
Personal name Bhattacharjee Susmitha
245 #0 - TITLE STATEMENT
Title Tailoring polymer molecular structure in the EPDM slurry process
260 ## - PUBLICATION, DISTRIBUTION, ETC. (IMPRINT)
Name of publisher Rubber Chemistry and Technology
Year of publication 2003
300 ## - PHYSICAL DESCRIPTION
Number of Pages 1057-1073
650 ## - SUBJECT ADDED ENTRY--TOPICAL TERM
Topical Term EPDM slurry process
700 ## - ADDED ENTRY--PERSONAL NAME
Personal name Bender Harald
700 ## - ADDED ENTRY--PERSONAL NAME
Personal name Padliya Dilip
942 ## - ADDED ENTRY ELEMENTS (KOHA)
Koha item type Journals
Holdings
Withdrawn status Lost status Damaged status Not for loan Home library Current library Shelving location Date acquired Serial Enumeration / chronology Koha item type
      Journals RRII Library RRII Library Rubber chemistry 17/12/2021 Volume 76, Issue 5 Journals